Manual de tablas estadísticas: con aplicación a las ciencias de la conducta
Gespeichert in:
| 1. Verfasser: | |
|---|---|
| Format: | Buch |
| Sprache: | Spanisch |
| Veröffentlicht: |
Ciudad de México
Trillas
1971
|
| Schriftenreihe: | Biblioteca Técnica de Psicología
|
| Schlagworte: | |
| Tags: |
Tag hinzufügen
Keine Tags, Fügen Sie den ersten Tag hinzu!
|
MARC
| LEADER | 00000nam a2200000 a 4500 | ||
|---|---|---|---|
| 001 | UCS0890 | ||
| 003 | CL-VaPUC | ||
| 008 | 970428e19710000MX |||||||||||||||||spa|d | ||
| 082 | 0 | 4 | |a 519.5 |b MER |2 21 |
| 100 | |a Meredith, William M. |e autor |9 384792 | ||
| 245 | 1 | 0 | |a Manual de tablas estadísticas: con aplicación a las ciencias de la conducta |
| 300 | |a 345 p | ||
| 942 | |c BK | ||
| 945 | |d 19970428 00:00:00 |a rleighto | ||
| 260 | |a Ciudad de México |b Trillas |c 1971 | ||
| 650 | 0 | |a Estadística matemática |9 260028 | |
| 650 | 0 | |a Logaritmos |9 260266 | |
| 650 | 0 | |a Funciones (Matemáticas) |9 338128 | |
| 650 | 0 | |a Trigonometría |9 259568 | |
| 650 | 0 | |a Estadística |9 259535 | |
| 650 | 7 | |a TABLAS |2 CL-VaPUC |9 262082 | |
| 583 | |a last modification |c 19970428 00:00:00 |k Rodrigo Vera | ||
| 490 | 0 | |a Biblioteca Técnica de Psicología | |
| 999 | |c 259029 |d 259027 | ||
| 952 | |0 0 |1 0 |4 0 |6 519_500000000000000_MER_1971 |7 0 |8 A |9 283546 |a BIBGIM |b BIBGIM |d 2019-11-19 |i 3302474 |o 519.5 MER 1971 |p 3302474 |r 2025-01-15 |w 2019-11-19 |y BK |k EST | ||